Statistiques concernant Acteurs Oscarisés par images #1

Cliquez ici pour prendre le quiz!

Statistiques générales

  • Ce quiz a été pris 2 252 fois
  • Le résultat moyen est 8 sur 16

Statistiques - réponses

Réponse% Correct
Leonardo DiCaprio
100%
Jean Dujardin
95%
Tom Hanks
89%
Denzel Washington
65%
Rami Malek
62%
Al Pacino
59%
Anthony Hopkins
58%
Jack Nicholson
56%
Marlon Brando
42%
Adrien Brody
39%
Sean Penn
37%
Gary Oldman
36%
Daniel Day-Lewis
28%
Forest Whitaker
24%
John Wayne
21%
Jeff Bridges
19%

Distribution des résultats

Percentile par nombre de réponses

% des personnes avec chaque résultat

Votre développement - résultats

Vous n’avez pas pris ce quiz